=LDR 00000nam 2200000 4500 =001 INLIS000000000025455 =005 20250506080536 =035 ##$$a 0010-061300000025455 =008 250506###########################0#ind## =041 ##$$a Ind =082 ##$$a 2x2.6 =090 ##$$a 2X2.6, Hid p =100 ##$$a Hidayat Kidh =245 1#$$a Panutan untuk anak sholeh /$c Kidh Hidayat =260 ##$$a Surabaya :$b Karya Gemilang Utama,$c 2000 =300 ##$$a 84 hlm : $b ilus ; $c 18 x 13 cm =650 #4$$a Kisah teladan =850 ##$$a NBPNMAT =084 ##$$a 2x2.6 HID p =990 ##$$a 20615904 =990 ##$$a 34953495 =990 ##$$a 30701959 =990 ##$$a 30701959 =990 ##$$a 30701959 =990 ##$$a 30701959 =990 ##$$a 30701959 =990 ##$$a 20615904 =990 ##$$a 20615904 =990 ##$$a 20615904 =990 ##$$a 20615904 =990 ##$$a 20615904